书目信息 |
| 题名: |
仪表维修工
|
|
| 作者: | ;中国石油化工集团公司 编 | |
| 分册: | ||
| 出版信息: | 北京 中国石化出版社 2010.04 |
|
| 页数: | 335页 | |
| 开本: | 26cm | |
| 丛书名: | ||
| 单 册: | ||
| 中图分类: | TE967-44 , TE65-44 , TH707 | |
| 科图分类: | ||
| 主题词: | 仪器--化工仪表--维修--考核--试题--仪器--仪器--考核--试题 , 化工仪表 , 仪表 , 仪表装置 | |
| 电子资源: | ||
| ISBN: | 978-7-80229-163-8 | |
| 000 | 01049nam0 22002891 450 | |
| 001 | 003330828 | |
| 005 | 20110331104908.10 | |
| 010 | @a978-7-80229-163-8@dCNY65.00 | |
| 100 | @a20060104d2010 em y0chiy50 ea | |
| 101 | 0 | @achi |
| 102 | @aCN@b110000 | |
| 105 | @aa zq 000yy | |
| 200 | 1 | @a仪表维修工@Ayi biao wei xiu gong@9zhi ye ji neng jian ding guo jia ti ku shi hua fen ku shi ti xuan bian@f中国石油化工集团公司职业技能鉴定指导中心编 |
| 210 | @a北京@c中国石化出版社@d2010.04 | |
| 215 | @a335页@c图@d26cm | |
| 330 | @a本册内容包括仪表维修初级工、中级工、高级工和技师的国家职业标准、鉴定要素细目表、理论知识试题和技能操作试题。 | |
| 606 | 0 | @a仪器@x化工仪表@x维修@x考核@x试题@a仪器@a仪器@x考核@x试题 |
| 606 | 0 | @a化工仪表 |
| 606 | 0 | @a仪表 |
| 606 | 0 | @a仪表装置 |
| 690 | @aTE967-44@v5 | |
| 690 | @aTE65-44@v4 | |
| 690 | @aTH707@v5 | |
| 711 | 02 | @a中国石油化工集团公司@9zhong guo shi you hua gong ji tuan gong si@b职业技能鉴定指导中心@4编 |
| 801 | 0 | @aCN@b91MARC@c20110331 |
| 905 | @aBZT@dTH707@e1 | |
| 906 | @dCNY42.00@n0@r1 | |
| 仪表维修工/中国石油化工集团公司职业技能鉴定指导中心编.-北京:中国石化出版社,2010.04 |
| 335页:图;26cm |
| ISBN 978-7-80229-163-8:CNY65.00 |
| 本册内容包括仪表维修初级工、中级工、高级工和技师的国家职业标准、鉴定要素细目表、理论知识试题和技能操作试题。 |
| ● |
| 相关链接 |
|
|
|
正题名:仪表维修工
索取号:TH707/1
 
预约/预借
| 序号 | 登录号 | 条形码 | 馆藏地/架位号 | 状态 | 备注 |
| 1 | 752486 | 2000752486 | 样本书库/样006架B面1层1列/ [索取号:TH707/1] | 在馆 | |
| 2 | 752487 | 2000752487 | 中心书库中库/ 中库030架A面8列4层34/ [索取号:TH707/1] | 在馆 | |
| 3 | 752488 | 2000752488 | 中心书库中库/ 中库030架A面8列4层38/ [索取号:TH707/1] | 在馆 | |
| 4 | 752489 | 2000752489 | 中心书库中库/ 中库030架A面8列4层36/ [索取号:TH707/1] | 在馆 | |
| 5 | 752490 | 2000752490 | 中心书库中库/ 中库030架A面8列4层37/ [索取号:TH707/1] | 在馆 | |
| 6 | 752491 | 2000752491 | 中心书库中库/ 中库030架A面8列4层35/ [索取号:TH707/1] | 在馆 |